|
|
|
|
| LEADER |
01155cam a2200301 7i4500 |
| 001 |
0000001588 |
| 005 |
20250219090000.0 |
| 020 |
|
|
|a 9789678914833
|
| 020 |
|
|
|a 9789678913645
|
| 020 |
|
|
|a 967891364x (pbk.)
|
| 020 |
|
|
|a 9678914832 (pbk.)
|
| 040 |
|
|
|a UIA
|
| 090 |
0 |
0 |
|a KPG3441.A33
|b R85 2008
|
| 110 |
1 |
|
|a Malaysia
|
| 240 |
1 |
0 |
|a Rules of the Federal Court 1995
|
| 245 |
1 |
0 |
|a Rules of the Federal Court 1995 & Rules of the Special Court 1994
|c compiled by: Legal Research Board.
|
| 246 |
3 |
|
|a Kaedah-kaedah Mahkamah Persekutuan 1995 & Kaedah-kaedah Mahkamah Khas 1994.
|
| 260 |
|
|
|a Petaling Jaya:
|b International Law Book Services,
|c 2003-.
|
| 300 |
|
|
|a 1 v. (various pagings);
|c 24 cm.
|
| 490 |
0 |
|
|a Laws of Malaysia
|
| 500 |
|
|
|a Library has : As at 15th April 2003, As at 25th August 2008
|
| 650 |
0 |
0 |
|a Court rules --
|z Malaysia
|
| 710 |
2 |
|
|a Legal Research Board
|
| 997 |
|
|
|a Health Sciences, Faculty
|
| 999 |
|
|
|a 0000008029
|b BOK
|c ACTS
|e Ground Floor, Bestari Jaya
|
| 999 |
|
|
|a 0000038623
|b BOK
|c ACTS
|e 2nd Floor, Shah Alam
|
| 999 |
|
|
|a 0000038624
|b BOK
|c ACTS
|e 2nd Floor, Shah Alam
|
| 999 |
|
|
|a 0000038625
|b BOK
|c ACTS
|e 2nd Floor, Shah Alam
|